countries by clue - collapsed countries edition - Statistics

General Stats
  • This quiz has been taken 17 times
  • The average score is 6 of 15
Answer Stats
Hint Answer % Correct
the sun never set here british empire
69%
kaiser Wilhelm German empire
69%
pope controlled country papal states
63%
The Tsar Russian empire
63%
gained independence from Mexico Texas
63%
half Responsible for ww1 Austro-Hungarian empire / Austria-Hungary
56%
controlled the Mediterranean Roman empire
56%
micronation central Holy Roman empire / hre
31%
scandinavia Kalmar union
19%
tiny emperor napoleonic france
19%
Greater form of an American country Greater Colombia
13%
lower boot of Italy + island Kingdom of two Sicilies
13%
winged hussars Polish-Lithuanian Commonwealth
13%
controlled most of the americas Iberian union
6%
salami genoa
0%
No matching quizzes found
Score Distribution
Percent of People with Each Score
Percentile by Number Answered
Your Score History
You have not taken this quiz